000 00695nam a2200241Ia 4500
001 12194
003 GE_BSU
008 181216s||||||||xx |||||||||||||| ||und||
020 _a9785713314170
040 _cGE_BSU
080 _a341.8(075.8)
100 _aЛапин,Г.Э.
245 _aКонсульская служба
245 _bДипломатическая академия МИД России
250 _a3-ье изд.перер. и дополн.
260 _aМосква
260 _bМеждународные отношения
260 _c2012
300 _a248стр.20см.
541 _h24Л.
653 _aКонсульская служба
942 _cBK
999 _c45370
_d45370